00592nam a22001937a 450000500170000001000150001702000260003203500140005803700090007208200130008110000200009424500340011425000060014826000590015427001020021330000200031550000600033570000030039520241023122955.0 aENG-142313 c599.00a9789393701374 aEN-125845 bDBAD a551.621 aRamesh, Mridula aWatershed/cby Mridula Ramesh a1 aGurugrambHachette Book Publishing India Pvt.Ltdc2024 bGurugrama4th & 5th Floors, Corporate Centre Plot No.94, Sector44,e122003mwww.hachetteindia.com a414p.c21cm(pb) aThe Story of India's Water in the Age of Climate Change